| 000 | 00995nam a22001937a 4500 | ||
|---|---|---|---|
| 999 |
_c63684 _d63684 |
||
| 003 | Ge_BSU | ||
| 005 | 20251208195435.0 | ||
| 008 | 251208s2008 ge ||||| |||| 00| 0 geo d | ||
| 020 | _a9789941902512 | ||
| 041 | _ageo | ||
| 080 | _a791.635-051(479.22) ხ-48 | ||
| 100 |
_aხვთისიაშვილი, დიმიტრი _926408 |
||
| 245 |
_aსახალხო არტისტი : _b [გივი ბერიკაშვილი] / _cდიმიტრი ხვთისიაშვილი; [რედ. რუსუდან სულაკაური; მხატვ. ალექსანდრე ბერდიშევი]. |
||
| 264 |
_aთბ. : _b ქართული ბიოგრაფიული ცენტრი, _c2008. |
||
| 300 |
_a260 გვ. : _bფოტ. ; _c28 სმ. |
||
| 653 | _aქართველი მსახიობები | ||
| 653 | _aბერიკაშვილი, გივი | ||
| 942 |
_2udc _cᲬᲘᲒᲜᲘ |
||